[Event "Golden Horseshoe op"]
[Site "Mississauga CAN"]
[Date "2018.06.02"]
[Round "3.1"]
[White "Preotu, Razvan"]
[Black "Hua, Eugene"]
[Result "1-0"]
[WhiteElo "2626"]
[BlackElo "2411"]
[WhiteFideId "-1"]
[WhiteFideId "-1"]
[PlyCount "81"]
[GameId "2160767908179060"]
[EventDate "2018.06.02"]
[EventType "swiss"]
[EventRounds "5"]
[EventCountry "CAN"]
[SourceTitle "hb 2018"]

1. e4 c5 2. Nf3 e6 3. d4 cxd4 4. Nxd4 Nc6 5. Nc3 Qc7 6. Be2 a6 7. O-O Nf6 8. Be3 Be7 9. f4 d6 10. Kh1 O-O 11. Qe1 Nxd4 12. Bxd4 b5 13. a3 Bb7 14. Qg3 Bc6 15. Rae1 Qb7 16. Bd3 g6 17. Bxf6 Bxf6 18. e5 Bg7 19. Ne4 Bxe4 20. Bxe4 d5 21. Bd3 a5 22. h4 h5 23. Qg5 Rfc8 24. g4 hxg4 25. h5 gxh5 26. Qxh5 Kf8 27. f5 exf5 28. e6 fxe6 29. Rxe6 Rc7 30. Bxf5 Rf7 31. Rfe1 Rc8 32. Bg6 d4+ 33. Kg1 Qa7 34. Bxf7 d3+ 35. Kg2 Qb7+ 36. R6e4 d2 37. Bd5 dxe1=N+ 38. Rxe1 Rxc2+ 39. Kh1 Rh2+ 40. Kxh2 Qc7+ 41. Kh1 1-0

[Event "Golden Horseshoe op"]
[Site "Mississauga CAN"]
[Date "2018.06.03"]
[Round "4.1"]
[White "Sambuev, Bator"]
[Black "Preotu, Razvan"]
[Result "1-0"]
[WhiteElo "2589"]
[BlackElo "2629"]
[WhiteFideId "-1"]
[WhiteFideId "-1"]
[PlyCount "83"]
[GameId "2160767908179071"]
[EventDate "2018.06.02"]
[EventType "swiss"]
[EventRounds "5"]
[EventCountry "CAN"]

1. e4 c5 2. Ne2 Nf6 3. Nbc3 d6 4. g3 h5 5. h3 Nc6 6. Bg2 h4 7. g4 e5 8. d3 Nd4 9. Nxd4 cxd4 10. Ne2 Nd7 11. f4 g5 12. fxg5 Be7 13. c3 dxc3 14. Nxc3 Nb6 15. O-O Be6 16. Qd2 Rg8 17. Qf2 Bxg5 18. Nd5 Bxd5 19. exd5 Rg7 20. d4 Nd7 21. Bxg5 Qxg5 22. Rac1 exd4 23. Qxd4 Ne5 24. Rc7 f6 25. Rc2 Rf7 26. Rf5 Qg7 27. Qf2 Kd8 28. Qxh4 Rc8 29. Rcf2 Rc1+ 30. Kh2 Qh7 31. Qxh7 Rxh7 32. Kg3 Nd7 33. h4 Re7 34. h5 Re3+ 35. Kh4 Ke7 36. h6 Rc8 37. Kh5 Rg3 38. R5f3 Rxf3 39. Bxf3 Ne5 40. Be4 Nf7 41. h7 Rc4 42. Rc2 1-0

[Event "Golden Horseshoe op"]
[Site "Mississauga CAN"]
[Date "2018.06.03"]
[Round "5.3"]
[White "Preotu, Razvan"]
[Black "Buscar, Michael"]
[Result "1-0"]
[WhiteElo "2626"]
[BlackElo "2215"]
[WhiteFideId "-1"]
[WhiteFideId "-1"]
[PlyCount "127"]
[GameId "2160767908179085"]
[EventDate "2018.06.02"]
[EventType "swiss"]
[EventRounds "5"]
[EventCountry "CAN"]

1. e4 e5 2. Nf3 Nf6 3. Nxe5 d6 4. Nf3 Nxe4 5. Nc3 Nxc3 6. dxc3 Nc6 7. Be3 Be7 8. Qd2 O-O 9. O-O-O Bf6 10. h3 Bf5 11. Be2 Be4 12. Rhg1 Ne5 13. Ng5 Bc6 14. c4 a6 15. f4 Bxg5 16. fxg5 b6 17. h4 Qd7 18. Bd4 Rae8 19. Qc3 Qc8 20. Rdf1 Re7 21. Bf3 Qa8 22. h5 Rfe8 23. b3 Bxf3 24. gxf3 c5 25. Bxe5 dxe5 26. Rd1 Qc6 27. Rd5 Qe6 28. h6 Qg6 29. Qe3 Re6 30. hxg7 Qxg7 31. Kb1 Kh8 32. Rh1 Kg8 33. Rh6 Rg6 34. Rxg6 Qxg6 35. Rxe5 Rxe5 36. Qxe5 Qe6 37. Qd5 a5 38. Kb2 Kg7 39. f4 Kg6 40. Qd3+ Qf5 41. Qd8 Qxf4 42. Qxb6+ Kxg5 43. Qxc5+ Qf5 44. Qxf5+ Kxf5 45. Kc3 Ke5 46. Kd3 f5 47. Ke3 h5 48. a3 h4 49. c5 h3 50. Kf3 f4 51. c4 Ke6 52. b4 axb4 53. axb4 Kd7 54. b5 Kc7 55. c6 Kb6 56. c5+ Kc7 57. Kf2 Kc8 58. b6 Kb8 59. c7+ Kb7 60. c6+ Kc8 61. Kf3 h2 62. Kg2 f3+ 63. Kxh2 f2 64. b7+ 1-0

[Event "Chicago op"]
[Site "Chicago USA"]
[Date "2018.05.27"]
[Round "7"]
[White "Stukopin, Andrey"]
[Black "Preotu, Razvan"]
[Result "1/2-1/2"]
[WhiteElo "2580"]
[BlackElo "2494"]
[WhiteFideId "-1"]
[WhiteFideId "-1"]
[PlyCount "111"]
[GameId "2130307620125252"]
[EventDate "2018.05.24"]
[EventType "swiss"]
[EventRounds "7"]
[EventCountry "USA"]
[SourceTitle "10 Days #544"]
[Source "Chess Mix"]
[SourceDate "2018.06.01"]
[SourceVersion "1"]
[SourceVersionDate "2018.06.01"]
[SourceQuality "1"]

1. e4 e5 2. Nf3 Nc6 3. Nc3 Nf6 4. Bb5 Bb4 5. O-O O-O 6. d3 d6 7. Ne2 Bc5 8. c3 d5 9. Bxc6 bxc6 10. Nxe5 Qe8 11. exd5 Qxe5 12. d4 Qxd5 13. Nf4 Qf5 14. dxc5 Qxc5 15. Be3 Qb5 16. Qf3 Bb7 17. a4 Qf5 18. a5 Ba6 19. Rfe1 g5 20. Bd4 gxf4 21. Qxc6 Nd7 22. Qxc7 Bb5 23. Qd6 Rfe8 24. b3 Nf8 25. h3 Re6 26. Rxe6 Nxe6 27. Bxa7 Rd8 28. Qb6 Rc8 29. a6 Rxc3 30. Bb8 Bc6 31. Qxc6 Rxc6 32. a7 Qd5 33. a8=Q Rc1+ 34. Kh2 Qxa8 35. Rxa8 Rc8 36. b4 Nd4 37. b5 Nxb5 38. h4 h5 39. f3 Kh7 40. Kh3 Rg8 41. Kh2 Rc8 42. Kh3 Kg8 43. Kh2 Kf8 44. Kh3 Ke8 45. Kh2 Kd7 46. Kh3 Rf8 47. Kh2 Nc7 48. Bxc7 Rxa8 49. Bxf4 Ra4 50. g3 Ke6 51. Bh6 Ra2+ 52. Kg1 Kd5 53. Kf1 Kc4 54. Bf4 Kd3 55. Bg5 Rc2 56. Bf4 1/2-1/2

[Event "Chicago op 27th"]
[Site "Chicago"]
[Date "2018.05.28"]
[Round "9"]
[White "Shmeliov, Denis"]
[Black "Preotu, Razvan"]
[Result "1/2-1/2"]
[WhiteElo "2443"]
[BlackElo "2494"]
[WhiteFideId "-1"]
[WhiteFideId "-1"]
[PlyCount "126"]
[GameId "1258497644670976"]
[EventDate "2018.05.24"]
[EventType "swiss"]
[EventRounds "9"]
[EventCountry "USA"]
[SourceTitle "CBM 184 Extra"]
[Source "ChessBase"]
[SourceDate "2018.06.28"]
[SourceVersion "1"]
[SourceVersionDate "2018.06.28"]
[SourceQuality "1"]

1. d4 Nf6 2. c4 e6 3. Nc3 Bb4 4. Qc2 O-O 5. e4 d5 6. e5 Ne4 7. Bd3 c5 8. Nf3 cxd4 9. Nxd4 Nd7 10. Bf4 Qh4 11. g3 Qh5 12. O-O g5 13. cxd5 Bxc3 14. bxc3 exd5 15. Bxe4 dxe4 16. e6 gxf4 17. exd7 Bxd7 18. Qxe4 fxg3 19. fxg3 b6 20. Nf5 Rae8 21. Ne7+ Kg7 22. Qd4+ f6 23. Qxd7 Qc5+ 24. Kg2 Rxe7 25. Qg4+ Kh8 26. Rae1 Rxe1 27. Rxe1 Qxc3 28. Re7 Qc2+ 29. Kh3 Rg8 30. Qe6 Qg6 31. Rxa7 Qh6+ 32. Kg2 Rd8 33. Rxh7+ Kxh7 34. Qe7+ Kg6 35. Qxd8 Qe3 36. Qg8+ Kh6 37. Qc4 Kg6 38. a4 Qd2+ 39. Kh3 Qh6+ 40. Qh4 Qd2 41. Qg4+ Kf7 42. Qf4 Qc2 43. g4 Qd3+ 44. Kh4 Qh7+ 45. Kg3 Qd3+ 46. Qf3 Qd6+ 47. Kh3 Kg7 48. Qe4 Qc7 49. Kg2 Qd6 50. h4 Qd2+ 51. Kg3 Qd6+ 52. Qf4 Qa3+ 53. Qf3 Qxa4 54. Qb7+ Kf8 55. Qxb6 Qa1 56. Qd8+ Kf7 57. Qc7+ Kf8 58. Qd6+ Kf7 59. Qd5+ Kf8 60. Kf4 Qf1+ 61. Qf3 Qe1 62. Qa8+ Kg7 63. Qb7+ Kh6 1/2-1/2

[Event "Pan-Am intercoll."]
[Site "Columbus USA"]
[Date "2017.12.28"]
[Round "3.2"]
[White "Preotu, Razvan"]
[Black "Ipatov, Alexander"]
[Result "0-1"]
[WhiteElo "2488"]
[BlackElo "2659"]
[WhiteFideId "-1"]
[WhiteFideId "-1"]
[PlyCount "146"]
[GameId "2130307623794641"]
[EventDate "2017.12.27"]
[EventType "team"]
[EventRounds "6"]
[EventCountry "USA"]
[SourceTitle "The Week in Chess 1208"]
[Source "Mark Crowther"]
[SourceDate "2018.01.01"]
[SourceVersion "3"]
[SourceVersionDate "2018.01.02"]
[SourceQuality "2"]
[WhiteTeam "UNIV TEXAS DALLAS C"]
[BlackTeam "ST LOUIS UNIV"]

1. e4 b6 2. d4 Bb7 3. Bd3 g6 4. Nf3 Bg7 5. c4 d6 6. Nc3 Nd7 7. Qe2 e6 8. Bg5 Ne7 9. h4 h6 10. Be3 a6 11. Qd2 Nf6 12. d5 Ng4 13. h5 Nxe3 14. Qxe3 Qd7 15. Nd4 g5 16. Be2 O-O 17. O-O c5 18. dxc6 Nxc6 19. Nb3 Qc7 20. Na4 Rab8 21. Qxb6 Qxb6 22. Nxb6 Rfd8 23. Rad1 Nb4 24. Bf3 Bc6 25. a3 Nc2 26. Na5 Be8 27. c5 Nd4 28. b4 Bb5 29. Rfe1 dxc5 30. bxc5 Bf8 31. Rc1 Bxc5 32. Rxc5 Rxb6 33. Bg4 Be8 34. Rec1 Nb3 35. Nxb3 Rxb3 36. Rc8 Rxc8 37. Rxc8 Kf8 38. Ra8 Rxa3 39. Be2 Ra1+ 40. Kh2 Ke7 41. Rxa6 Rxa6 42. Bxa6 Kd6 43. Kg3 Ke5 44. Bd3 f6 45. Kg4 Bc6 46. f3 Kd4 47. Ba6 Bd7 48. Kg3 Ke3 49. Bc4 Bc8 50. Bb3 Ke2 51. Bc4+ Ke1 52. Bb5 e5 53. Bc4 Bd7 54. Bf7 Ke2 55. Bc4+ Ke3 56. Bf7 Bc8 57. Bg6 Be6 58. Be8 Ke2 59. Bb5+ Ke1 60. Be8 Kf1 61. Bb5+ Kg1 62. Be8 Bc4 63. Bd7 Bf7 64. Bg4 Be8 65. Kh3 Kf2 66. Kh2 Bf7 67. Kh3 Bc4 68. Kh2 Bf1 69. Bh3 g4 70. fxg4 Bd3 71. g5 fxg5 72. Bf5 Bf1 73. Bh3 Be2 0-1

[Event "UT Dallas Fall op"]
[Site "Dallas USA"]
[Date "2017.11.17"]
[Round "1.13"]
[White "Yim, Sung Ho"]
[Black "Preotu, Razvan"]
[Result "1/2-1/2"]
[WhiteElo "2275"]
[BlackElo "2497"]
[WhiteFideId "-1"]
[WhiteFideId "-1"]
[PlyCount "74"]
[GameId "2130307625119497"]
[EventDate "2017.11.17"]
[EventType "swiss"]
[EventRounds "9"]
[EventCountry "USA"]
[SourceTitle "10 Days #526"]
[Source "Chess Mix"]
[SourceDate "2017.12.01"]
[SourceVersion "1"]
[SourceVersionDate "2017.12.01"]
[SourceQuality "1"]

1. d4 Nf6 2. c4 e6 3. Nc3 Bb4 4. Qc2 O-O 5. a3 Bxc3+ 6. Qxc3 b5 7. cxb5 c6 8. Bg5 cxb5 9. e3 Bb7 10. Nf3 h6 11. Bh4 g5 12. Bg3 Ne4 13. Qd3 a6 14. Nd2 f5 15. Nxe4 Bxe4 16. Qd2 Nc6 17. Bd6 Na5 18. Qd1 Rf7 19. Bb4 Rc8 20. Bc3 f4 21. f3 Bd5 22. e4 Bc4 23. Bxa5 Qxa5+ 24. Qd2 Qa4 25. Rc1 Rff8 26. Kf2 Bxf1 27. Rhxf1 Rc4 28. Rxc4 bxc4 29. Rc1 Rb8 30. Qe2 Rc8 31. Rc3 Qc6 32. e5 Kg7 33. b3 d5 34. exd6 Qxd6 35. Rxc4 Rxc4 36. Qxc4 Qxa3 37. Qxe6 Qb2+ 1/2-1/2

[Event "UT Dallas Fall op"]
[Site "Dallas USA"]
[Date "2017.11.18"]
[Round "2.14"]
[White "Preotu, Razvan"]
[Black "Guo, Arthur"]
[Result "1-0"]
[WhiteElo "2497"]
[BlackElo "2219"]
[WhiteFideId "-1"]
[WhiteFideId "-1"]
[PlyCount "97"]
[GameId "2130307625119522"]
[EventDate "2017.11.17"]
[EventType "swiss"]
[EventRounds "9"]
[EventCountry "USA"]
[SourceTitle "10 Days #526"]
[Source "Chess Mix"]
[SourceDate "2017.12.01"]
[SourceVersion "1"]
[SourceVersionDate "2017.12.01"]
[SourceQuality "1"]

1. e4 c5 2. Nf3 d6 3. d4 Nf6 4. Nc3 cxd4 5. Nxd4 a6 6. Nb3 e5 7. Bg5 Be6 8. Bxf6 Qxf6 9. Na5 Qd8 10. Nc4 Be7 11. Nd5 Bxd5 12. Qxd5 Nc6 13. c3 O-O 14. a4 Qc7 15. a5 Rad8 16. Nb6 Nb8 17. Qb3 Rde8 18. Qa4 Qc6 19. Be2 Bd8 20. Nd5 Qxa4 21. Rxa4 Nd7 22. O-O Nc5 23. Rc4 Nb3 24. Rb4 Nc5 25. Ra1 f5 26. exf5 Rxf5 27. Ne3 Rff8 28. Rg4 Kh8 29. b4 Nd7 30. Rd1 e4 31. Rxd6 Nf6 32. Rg5 h6 33. Rf5 Bc7 34. Rfxf6 Rxf6 35. Rd7 Rc6 36. Nd5 Be5 37. Rxb7 Bxc3 38. Rb6 Rxb6 39. axb6 Bd4 40. b7 Rf8 41. Nf4 Rb8 42. Bxa6 e3 43. Ng6+ Kh7 44. Ne7 exf2+ 45. Kf1 Re8 46. Bd3+ Kh8 47. Bb5 Rb8 48. Nc6 Ba7 49. Ba6 1-0

[Event "UT Dallas Fall op"]
[Site "Dallas USA"]
[Date "2017.11.18"]
[Round "3.8"]
[White "Sheng, Joshua"]
[Black "Preotu, Razvan"]
[Result "1-0"]
[WhiteElo "2373"]
[BlackElo "2497"]
[WhiteFideId "-1"]
[WhiteFideId "-1"]
[PlyCount "45"]
[GameId "2130307625119540"]
[EventDate "2017.11.17"]
[EventType "swiss"]
[EventRounds "9"]
[EventCountry "USA"]
[SourceTitle "10 Days #526"]
[Source "Chess Mix"]
[SourceDate "2017.12.01"]
[SourceVersion "1"]
[SourceVersionDate "2017.12.01"]
[SourceQuality "1"]

1. d4 Nf6 2. Nc3 d5 3. Bf4 a6 4. e3 e6 5. Nf3 c5 6. dxc5 Bxc5 7. Bd3 Nc6 8. O-O h6 9. e4 d4 10. Ne2 g5 11. Bg3 Nh5 12. Be5 Nxe5 13. Nxe5 O-O 14. Ng3 Nxg3 15. fxg3 f6 16. Qh5 fxe5 17. Qg6+ Kh8 18. Qxh6+ Kg8 19. Qg6+ Kh8 20. Rxf8+ Bxf8 21. Rf1 Bg7 22. Rf7 Qg8 23. Re7 1-0

[Event "UT Dallas Fall op"]
[Site "Dallas USA"]
[Date "2017.11.19"]
[Round "4.13"]
[White "Preotu, Razvan"]
[Black "Sarkar, Justin"]
[Result "1-0"]
[WhiteElo "2497"]
[BlackElo "2354"]
[WhiteFideId "-1"]
[WhiteFideId "-1"]
[PlyCount "85"]
[GameId "2130307625123661"]
[EventDate "2017.11.17"]
[EventType "swiss"]
[EventRounds "9"]
[EventCountry "USA"]
[SourceTitle "10 Days #526"]
[Source "Chess Mix"]
[SourceDate "2017.12.01"]
[SourceVersion "1"]
[SourceVersionDate "2017.12.01"]
[SourceQuality "1"]

1. e4 e5 2. Nf3 Nf6 3. Nxe5 Nxe4 4. Qe2 Qe7 5. Qxe4 d6 6. d4 dxe5 7. dxe5 Nc6 8. Nc3 Qxe5 9. Qxe5+ Nxe5 10. Bf4 Bd6 11. Bg3 f6 12. O-O-O a6 13. Ne4 Be7 14. Bxe5 fxe5 15. Bc4 Bd7 16. Bf7+ Kxf7 17. Rxd7 Rac8 18. Rhd1 Ke6 19. c4 b6 20. c5 bxc5 21. R7d3 c4 22. Rc3 Rhd8 23. Rxc4 Rxd1+ 24. Kxd1 Rd8+ 25. Kc2 Rd4 26. Kb3 Rd1 27. Rxc7 Rh1 28. Ra7 Rxh2 29. Rxa6+ Kd5 30. Nc3+ Kc5 31. Re6 Bf6 32. a4 Rxg2 33. a5 Rg4 34. a6 Rb4+ 35. Ka3 Rb8 36. b4+ Kd4 37. Nb5+ Ke4 38. Nc7 Bd8 39. Rc6 Rc8 40. a7 Bxc7 41. Rxc7 Rxc7 42. a8=Q+ Kf4 43. b5 1-0

[Event "UT Dallas Fall op"]
[Site "Dallas USA"]
[Date "2017.11.19"]
[Round "5.5"]
[White "Kovalyov, Anton"]
[Black "Preotu, Razvan"]
[Result "1/2-1/2"]
[WhiteElo "2664"]
[BlackElo "2497"]
[WhiteFideId "-1"]
[WhiteFideId "-1"]
[PlyCount "41"]
[GameId "2130307625123677"]
[EventDate "2017.11.17"]
[EventType "swiss"]
[EventRounds "9"]
[EventCountry "USA"]
[SourceTitle "10 Days #526"]
[Source "Chess Mix"]
[SourceDate "2017.12.01"]
[SourceVersion "1"]
[SourceVersionDate "2017.12.01"]
[SourceQuality "1"]

1. c4 Nf6 2. Nf3 g6 3. b3 Bg7 4. Bb2 d6 5. d4 c5 6. e3 Ne4 7. Bd3 Qa5+ 8. Ke2 cxd4 9. exd4 d5 10. cxd5 Nf6 11. Nc3 Nxd5 12. Nxd5 Qxd5 13. h3 Bf5 14. Bc4 Qe4+ 15. Kf1 O-O 16. Qd2 Nc6 17. d5 Bxb2 18. Re1 Qc2 19. Qxc2 Bxc2 20. dxc6 Bf6 21. cxb7 1/2-1/2

[Event "UT Dallas Fall op"]
[Site "Dallas USA"]
[Date "2017.11.20"]
[Round "6.7"]
[White "Preotu, Razvan"]
[Black "Xiong, Jeffery"]
[Result "0-1"]
[WhiteElo "2497"]
[BlackElo "2629"]
[WhiteFideId "-1"]
[WhiteFideId "-1"]
[PlyCount "44"]
[GameId "2130307625123703"]
[EventDate "2017.11.17"]
[EventType "swiss"]
[EventRounds "9"]
[EventCountry "USA"]
[SourceTitle "10 Days #526"]
[Source "Chess Mix"]
[SourceDate "2017.12.01"]
[SourceVersion "1"]
[SourceVersionDate "2017.12.01"]
[SourceQuality "1"]

1. e4 c5 2. Nf3 d6 3. d4 cxd4 4. Nxd4 Nf6 5. Nc3 a6 6. Nb3 g6 7. Be2 Bg7 8. g4 Nc6 9. g5 Nd7 10. Be3 b5 11. Nd4 Bb7 12. Nxc6 Bxc6 13. Bd4 Bxd4 14. Qxd4 O-O 15. h4 Qb6 16. Qd2 e6 17. f3 b4 18. Nd1 d5 19. exd5 exd5 20. Ne3 Rae8 21. Kf2 f5 22. f4 Re4 0-1

[Event "UT Dallas Fall op"]
[Site "Dallas USA"]
[Date "2017.11.21"]
[Round "7.13"]
[White "Ynojosa Aponte, Felix Jose"]
[Black "Preotu, Razvan"]
[Result "1/2-1/2"]
[WhiteElo "2423"]
[BlackElo "2497"]
[WhiteFideId "-1"]
[WhiteFideId "-1"]
[PlyCount "55"]
[GameId "2130307625127829"]
[EventDate "2017.11.17"]
[EventType "swiss"]
[EventRounds "9"]
[EventCountry "USA"]
[SourceTitle "10 Days #526"]
[Source "Chess Mix"]
[SourceDate "2017.12.01"]
[SourceVersion "1"]
[SourceVersionDate "2017.12.01"]
[SourceQuality "1"]

1. c4 c5 2. Nc3 Nc6 3. Nf3 e5 4. e3 Nf6 5. d4 cxd4 6. exd4 e4 7. Ne5 Bb4 8. Be2 Qa5 9. Nxc6 dxc6 10. Qb3 O-O 11. h3 Be6 12. a3 Bxc3+ 13. Qxc3 Qxc3+ 14. bxc3 Nd7 15. Rb1 Nb6 16. Rb4 c5 17. dxc5 Nd7 18. Be3 Rfc8 19. Rxb7 Nxc5 20. Bxc5 Rxc5 21. O-O Bxc4 22. Bxc4 Rxc4 23. Rd1 Rxc3 24. Rxa7 Rcc8 25. Rdd7 Rxa7 26. Rxa7 h5 27. h4 Rc3 28. a4 1/2-1/2

[Event "UT Dallas Fall op"]
[Site "Dallas USA"]
[Date "2017.11.21"]
[Round "8.12"]
[White "Thavandiran, Shiyam"]
[Black "Preotu, Razvan"]
[Result "1/2-1/2"]
[WhiteElo "2389"]
[BlackElo "2497"]
[WhiteFideId "-1"]
[WhiteFideId "-1"]
[PlyCount "98"]
[GameId "2130307625127852"]
[EventDate "2017.11.17"]
[EventType "swiss"]
[EventRounds "9"]
[EventCountry "USA"]
[SourceTitle "10 Days #526"]
[Source "Chess Mix"]
[SourceDate "2017.12.01"]
[SourceVersion "1"]
[SourceVersionDate "2017.12.01"]
[SourceQuality "1"]

1. e4 c5 2. Nf3 d6 3. d4 cxd4 4. Nxd4 Nf6 5. Nc3 a6 6. a4 Nc6 7. a5 e6 8. Nxc6 bxc6 9. Bd3 d5 10. O-O Be7 11. Qe2 O-O 12. Bf4 Nd7 13. Rfd1 Re8 14. Qe1 Bb4 15. Bd2 c5 16. Na4 Bxd2 17. Qxd2 Qc7 18. exd5 exd5 19. Bf5 Nf6 20. Bxc8 Raxc8 21. Nb6 Rcd8 22. h3 Qe5 23. c3 h6 24. Re1 Qf5 25. Rxe8+ Nxe8 26. Qe2 Nc7 27. Qe7 Ne6 28. Re1 Qg5 29. Qxg5 hxg5 30. Rd1 d4 31. Kf1 Kh7 32. cxd4 cxd4 33. Ke2 Nc5 34. b4 Ne4 35. Na4 Re8 36. Kf3 Nc3 37. Nxc3 dxc3 38. Rc1 Rc8 39. Ke3 Rc4 40. Kd3 Rxb4 41. Rxc3 Rb5 42. Rc7 f6 43. Ra7 Rxa5 44. Ke3 Ra1 45. g3 a5 46. Kf3 a4 47. Kg2 a3 48. Kf3 Kg6 49. Kg2 a2 1/2-1/2

[Event "UT Dallas Fall op"]
[Site "Dallas USA"]
[Date "2017.11.22"]
[Round "9.10"]
[White "Preotu, Razvan"]
[Black "Stremavicius, Titas"]
[Result "1/2-1/2"]
[WhiteElo "2497"]
[BlackElo "2422"]
[WhiteFideId "-1"]
[WhiteFideId "-1"]
[PlyCount "44"]
[GameId "2130307625127873"]
[EventDate "2017.11.17"]
[EventType "swiss"]
[EventRounds "9"]
[EventCountry "USA"]
[SourceTitle "10 Days #526"]
[Source "Chess Mix"]
[SourceDate "2017.12.01"]
[SourceVersion "1"]
[SourceVersionDate "2017.12.01"]
[SourceQuality "1"]

1. e4 d6 2. d4 Nf6 3. f3 c5 4. d5 g6 5. c4 Bg7 6. Nc3 O-O 7. Bg5 e6 8. Qd2 h6 9. Be3 exd5 10. cxd5 a6 11. a4 Nbd7 12. Nh3 Ne5 13. Nf2 Kh7 14. Be2 Re8 15. O-O g5 16. a5 b5 17. axb6 Nfd7 18. Na4 Nxb6 19. Nxb6 Qxb6 20. Qc2 Ng6 21. Rab1 a5 22. b3 Ba6 1/2-1/2

[Event "Texas Collegiate Superfinal "]
[Site "Brownsville USA"]
[Date "2017.10.21"]
[Round "1.1"]
[White "Belous, Vladimir"]
[Black "Preotu, Razvan"]
[Result "1-0"]
[WhiteElo "2564"]
[BlackElo "2502"]
[WhiteFideId "-1"]
[WhiteFideId "-1"]
[PlyCount "77"]
[GameId "2130307626295774"]
[EventDate "2017.10.21"]
[EventType "team"]
[EventRounds "5"]
[EventCountry "USA"]
[SourceTitle "10 Days #523"]
[Source "Chess Mix"]
[SourceDate "2017.11.01"]
[SourceVersion "1"]
[SourceVersionDate "2017.11.01"]
[SourceQuality "1"]
[WhiteTeam "UTRGV-A"]
[BlackTeam "UTD-B"]

1. Nf3 c5 2. c4 Nc6 3. Nc3 e5 4. e3 Nf6 5. d4 cxd4 6. exd4 e4 7. Ne5 Bb4 8. Be2 Qa5 9. O-O Nxe5 10. dxe5 Qxe5 11. Be3 Bc5 12. Bxc5 Qxc5 13. Nb5 O-O 14. Qd6 b6 15. b4 Qc6 16. Rad1 Bb7 17. Qf4 d5 18. Nd4 Qd7 19. Nf5 Qe6 20. cxd5 Bxd5 21. Bg4 Kh8 22. Bh3 Rad8 23. Nxg7 Qd6 24. Qh6 Rg8 25. Nf5 Qe5 26. Rfe1 Rg6 27. Qd2 Rdg8 28. g3 Qe6 29. Qb2 Re8 30. Nh4 Qe5 31. Nxg6+ hxg6 32. Qxe5 Rxe5 33. a3 Re7 34. Rc1 Kg7 35. f3 Bb7 36. Bg2 Kf8 37. Re3 Rd7 38. fxe4 Rd2 39. h3 1-0

[Event "Texas Collegiate Superfinal "]
[Site "Brownsville USA"]
[Date "2017.10.21"]
[Round "2.3"]
[White "Munoz, Claudia"]
[Black "Preotu, Razvan"]
[Result "0-1"]
[WhiteElo "1847"]
[BlackElo "2502"]
[WhiteFideId "-1"]
[WhiteFideId "-1"]
[PlyCount "80"]
[GameId "2130307626295794"]
[EventDate "2017.10.21"]
[EventType "team"]
[EventRounds "5"]
[EventCountry "USA"]
[SourceTitle "10 Days #523"]
[Source "Chess Mix"]
[SourceDate "2017.11.01"]
[SourceVersion "1"]
[SourceVersionDate "2017.11.01"]
[SourceQuality "1"]
[WhiteTeam "TTU-B"]
[BlackTeam "UTD-B"]

1. d4 Nf6 2. c4 e6 3. Nc3 Bb4 4. Bd2 O-O 5. Nf3 c5 6. dxc5 Bxc5 7. e3 d5 8. Qc2 Nc6 9. a3 d4 10. exd4 Nxd4 11. Nxd4 Qxd4 12. Nd1 b6 13. Be2 Bb7 14. Be3 Qh4 15. Bxc5 bxc5 16. Ne3 Nh5 17. Bxh5 Qxh5 18. O-O Rfd8 19. Rad1 Rd4 20. Rxd4 cxd4 21. Qb3 Be4 22. Nd1 Rc8 23. f3 Ba8 24. Nf2 Qc5 25. Rc1 Qg5 26. Rd1 e5 27. Qd3 f5 28. Re1 Re8 29. c5 Qg6 30. Qb3+ Kh8 31. Nh3 e4 32. Nf4 Qf6 33. Qc4 Rd8 34. fxe4 fxe4 35. Rf1 e3 36. Ne6 Bd5 37. Qxd5 Rxd5 38. Rxf6 gxf6 39. c6 Rd6 40. c7 Rc6 0-1

[Event "Texas Collegiate Superfinal "]
[Site "Brownsville USA"]
[Date "2017.10.22"]
[Round "3.3"]
[White "Preotu, Razvan"]
[Black "Vorontsov, Pavlo"]
[Result "1/2-1/2"]
[WhiteElo "2502"]
[BlackElo "2522"]
[WhiteFideId "-1"]
[WhiteFideId "-1"]
[PlyCount "114"]
[GameId "2130307626295805"]
[EventDate "2017.10.21"]
[EventType "team"]
[EventRounds "5"]
[EventCountry "USA"]
[SourceTitle "10 Days #523"]
[Source "Chess Mix"]
[SourceDate "2017.11.01"]
[SourceVersion "1"]
[SourceVersionDate "2017.11.01"]
[SourceQuality "1"]
[WhiteTeam "UTD-B"]
[BlackTeam "TTU-A"]

1. e4 e6 2. d3 d5 3. Nd2 Nf6 4. Ngf3 Be7 5. g3 a5 6. Bg2 a4 7. O-O O-O 8. Re1 a3 9. bxa3 Bxa3 10. e5 Nfd7 11. Bxa3 Rxa3 12. Nd4 Nc6 13. Nxc6 bxc6 14. Nb3 Qe7 15. Qc1 Ba6 16. c4 Ra4 17. cxd5 cxd5 18. Qc6 Nb6 19. Nc5 Ra5 20. Nxa6 Rxa6 21. Rec1 Ra7 22. Rab1 Qa3 23. Qc3 Qxc3 24. Rxc3 Rfa8 25. Rc6 Kf8 26. Rbc1 Ke8 27. Rxc7 Rxc7 28. Rxc7 Rxa2 29. Rb7 Nd7 30. d4 Kd8 31. Bf1 Kc8 32. Rb3 Ra4 33. Rf3 f5 34. exf6 Nxf6 35. Re3 Rxd4 36. Rxe6 Re4 37. Ra6 Kb7 38. Kg2 Re7 39. Bd3 h6 40. h3 Nd7 41. Rd6 Nf6 42. Kf3 Kc7 43. Ra6 Nd7 44. Bb5 Nf6 45. Rc6+ Kb7 46. Rc2 Kb6 47. Bd3 Nd7 48. Kf4 Nc5 49. Bf1 Kc6 50. Kf5 Kd6 51. Bg2 Re6 52. Rd2 g6+ 53. Kf4 Re5 54. Kg4 Rg5+ 55. Kh4 Rh5+ 56. Kg4 Rg5+ 57. Kh4 Rh5+ 1/2-1/2

[Event "Texas Collegiate Superfinal "]
[Site "Brownsville USA"]
[Date "2017.10.22"]
[Round "4.2"]
[White "Preotu, Razvan"]
[Black "Ruiz Castillo, Joshua Daniel"]
[Result "1/2-1/2"]
[WhiteElo "2502"]
[BlackElo "2379"]
[WhiteFideId "-1"]
[WhiteFideId "-1"]
[PlyCount "147"]
[GameId "2130307626304003"]
[EventDate "2017.10.21"]
[EventType "team"]
[EventRounds "5"]
[EventCountry "USA"]
[SourceTitle "10 Days #523"]
[Source "Chess Mix"]
[SourceDate "2017.11.01"]
[SourceVersion "1"]
[SourceVersionDate "2017.11.01"]
[SourceQuality "1"]
[WhiteTeam "UTD-B"]
[BlackTeam "UTRGV-B"]

1. e4 c5 2. Nf3 d6 3. d4 cxd4 4. Nxd4 Nf6 5. Nc3 a6 6. h3 e5 7. Nde2 h5 8. Bg5 Be6 9. Bxf6 Qxf6 10. Nd5 Qd8 11. Qd3 Nd7 12. O-O-O g6 13. Kb1 Nc5 14. Qf3 Bg7 15. Nec3 b5 16. Ne3 h4 17. Ncd5 O-O 18. Rg1 Rc8 19. g3 Kh7 20. Bd3 Nxd3 21. Rxd3 Rh8 22. Qg2 Rg8 23. f4 exf4 24. gxf4 Bh8 25. Qf3 Rc4 26. f5 Bxd5 27. Nxd5 Be5 28. Qg4 Rg7 29. Rf3 Kh8 30. fxg6 fxg6 31. Rgf1 Rc8 32. Rf7 Rb8 33. Ne7 Qxe7 34. Rxe7 Rxe7 35. Qxg6 Rg8 36. Qh6+ Rh7 37. Qe6 Rhg7 38. a3 a5 39. Rf7 Rxf7 40. Qxf7 Rg1+ 41. Ka2 Rg2 42. Qc7 a4 43. b3 Rg1 44. Qb8+ Kh7 45. Qa7+ Rg7 46. Qf2 Rg3 47. bxa4 bxa4 48. Qa7+ Kh6 49. Qd7 Kg5 50. Qf5+ Kh6 51. Qf1 Kg5 52. Kb1 Kg6 53. c4 Rb3+ 54. Kc2 Rxa3 55. Qf5+ Kg7 56. c5 Rc3+ 57. Kd2 Rxc5 58. Qd7+ Kf6 59. Qd8+ Kg6 60. Qxh4 a3 61. Qg4+ Kh6 62. h4 a2 63. h5 Bc3+ 64. Kd3 Rg5 65. Qe6+ Kxh5 66. Qxa2 Be5 67. Qf7+ Kh4 68. Qf2+ Bg3 69. Qf1 Rc5 70. Qf6+ Kg4 71. Ke3 Be5 72. Qf5+ Kh4 73. Qf2+ Kg4 74. Qf5+ 1/2-1/2